[Event "Mittelfranken Landesliga Nord 2223"]
[Site "Mittelfranken"]
[Date "2023.01.15"]
[Round "5.5"]
[White "Gold, Florian"]
[Black "Steger, Eric"]
[Result "0-1"]
[WhiteElo "1971"]
[BlackElo "1976"]
[PlyCount "80"]
[EventDate "2022.10.09"]
[EventType "team-tourn"]
[EventRounds "9"]
[EventCountry "GER"]
[SourceTitle "EXT 2024"]
[Source "ChessBase"]
[SourceDate "2023.10.10"]
[SourceVersion "1"]
[SourceVersionDate "2023.10.10"]
[SourceQuality "1"]
[WhiteTeam "Kelheim"]
[BlackTeam "Schwandorf"]
[WhiteTeamCountry "GER"]
[BlackTeamCountry "GER"]

1. d4 Nf6 2. c4 e6 3. Nc3 d5 4. cxd5 exd5 5. Bg5 Be7 6. e3 c6 7. Bd3 Bg4 8. f3 Bh5 9. Nge2 Nbd7 10. 0-0 0-0 11. Qc2 Bg6 12. e4 dxe4 13. fxe4 Nd5 14. Bxe7 Qxe7 15. Nxd5 cxd5 16. e5 Rac8 17. Qb3 Bxd3 18. Qxd3 Qb4 19. Nf4 Nb6 20. Rf2 Rc6 21. Raf1 Qc4 22. Qe3 Nd7 23. e6 fxe6 24. Nh5 e5 25. Rxf8+ Nxf8 26. Qxe5 Rc7 27. Qf4 Ne6 28. Qd6 Qxd4+ 29. Kh1 Qe4 30. Nf4 Rf7 31. Rc1 Rxf4 32. h3 Rf8 33. Qe7 Nf4 34. Qg5 Nxh3 35. Qg3 Nf2+ 36. Kh2 Qf4 37. Rc7 Qxg3+ 38. Kxg3 d4 39. Rxb7 d3 40. Rd7 d2 0-1

[Event "Mittelfranken Landesliga Nord 2223"]
[Site "Mittelfranken"]
[Date "2022.12.11"]
[Round "4.6"]
[White "Kordts, Wolfgang"]
[Black "Steger, Eric"]
[Result "1-0"]
[WhiteElo "2066"]
[BlackElo "1976"]
[PlyCount "58"]
[EventDate "2022.10.09"]
[EventType "team-tourn"]
[EventRounds "9"]
[EventCountry "GER"]
[SourceTitle "EXT 2024"]
[Source "ChessBase"]
[SourceDate "2023.10.10"]
[SourceVersion "1"]
[SourceVersionDate "2023.10.10"]
[SourceQuality "1"]
[WhiteTeam "Nuernberg Sued SW"]
[BlackTeam "Schwandorf"]
[WhiteTeamCountry "GER"]
[BlackTeamCountry "GER"]

1. d4 Nf6 2. c4 e6 3. Nf3 d5 4. Nc3 Be7 5. Bf4 0-0 6. e3 b6 7. Rc1 dxc4 8. Bxc4 Bb7 9. 0-0 Nh5 10. Be5 Nd7 11. d5 Nxe5 12. Nxe5 exd5 13. Bxd5 Bxd5 14. Nxd5 Bf6 15. Nc6 Qd6 16. Qxh5 Bxb2 17. Rc2 Ba3 18. Rd1 Qe6 19. Nd4 Qe4 20. Rxc7 Rae8 21. Rxa7 Bd6 22. f3 Re5 23. fxe4 Rxh5 24. g3 h6 25. Nf5 Bc5 26. Kg2 Re8 27. g4 Rg5 28. Kf3 h5 29. h3 hxg4+ 1-0

[Event "Mittelfranken Landesliga Nord 2223"]
[Site "Mittelfranken"]
[Date "2022.11.27"]
[Round "3.7"]
[White "Steger, Eric"]
[Black "Krannich, Steffen"]
[Result "1/2-1/2"]
[WhiteElo "1976"]
[BlackElo "1961"]
[PlyCount "86"]
[EventDate "2022.10.09"]
[EventType "team-tourn"]
[EventRounds "9"]
[EventCountry "GER"]
[SourceTitle "EXT 2024"]
[Source "ChessBase"]
[SourceDate "2023.10.10"]
[SourceVersion "1"]
[SourceVersionDate "2023.10.10"]
[SourceQuality "1"]
[WhiteTeam "Schwandorf"]
[BlackTeam "Wuerzburg"]
[WhiteTeamCountry "GER"]
[BlackTeamCountry "GER"]

1. c4 Nf6 2. g3 e6 3. Bg2 d5 4. Nf3 Be7 5. 0-0 0-0 6. d3 c5 7. Bf4 Nc6 8. Nc3 Nh5 9. Bc1 d4 10. Ne4 f5 11. Ned2 Nf6 12. Nb3 a5 13. a4 Qc7 14. e3 dxe3 15. Bxe3 Nb4 16. Qe2 Rd8 17. d4 Ng4 18. Bf4 Qb6 19. Nxc5 Bxc5 20. dxc5 Qxc5 21. Rfd1 Re8 22. Bd6 Qb6 23. c5 Qa6 24. Qxa6 Rxa6 25. Bf1 Ra8 26. Bb5 Nc6 27. h3 Nf6 28. Ne5 Bd7 29. Nxd7 Nxd7 30. Rac1 Rac8 31. Bf4 Nf6 32. Rd6 Kf7 33. Bd2 Ne4 34. Rd7+ Re7 35. Bxc6 Rxc6 36. Rxe7+ Kxe7 37. Bxa5 Nxc5 38. Bb4 Kd6 39. Rd1+ Kc7 40. Bc3 Nxa4 41. Bxg7 Nb6 42. Be5+ Kc8 43. Kg2 Nd5 1/2-1/2

[Event "Mittelfranken Landesliga Nord 2122"]
[Site "Mittelfranken"]
[Date "2021.11.14"]
[Round "2.5"]
[White "Steger, Eric"]
[Black "Braun, Michael1111"]
[Result "1/2-1/2"]
[WhiteElo "1963"]
[BlackElo "2093"]
[PlyCount "47"]
[EventDate "2021.10.24"]
[EventType "team-tourn"]
[EventRounds "9"]
[EventCountry "GER"]
[SourceTitle "EXT 2024"]
[Source "ChessBase"]
[SourceDate "2023.10.10"]
[SourceVersion "1"]
[SourceVersionDate "2023.10.10"]
[SourceQuality "1"]
[WhiteTeam "Schwandorf"]
[BlackTeam "Nuernberg NT II"]
[WhiteTeamCountry "GER"]
[BlackTeamCountry "GER"]

1. c4 f5 2. g3 Nf6 3. Bg2 d6 4. Nc3 e5 5. d3 Be7 6. Nf3 0-0 7. 0-0 Qe8 8. c5 Na6 9. cxd6 Bxd6 10. Nd2 c6 11. a3 Be6 12. b4 Nc7 13. Nc4 Bxc4 14. dxc4 Rd8 15. Qb3 Qf7 16. Rb1 Ne6 17. c5 Bb8 18. Bb2 a6 19. Rbd1 Nd4 20. Qxf7+ Kxf7 21. e3 Ne6 22. Rxd8 Rxd8 23. Rd1 Rxd1+ 24. Nxd1 1/2-1/2

[Event "Bayernliga U20 1819"]
[Site "Bayern"]
[Date "2019.01.26"]
[Round "5.2"]
[White "Steger, Eric"]
[Black "Maier, Dennis"]
[Result "1-0"]
[WhiteElo "1945"]
[BlackElo "1567"]
[PlyCount "63"]
[EventDate "2018.11.17"]
[EventType "team-tourn"]
[EventRounds "6"]
[EventCountry "GER"]
[SourceTitle "EXT 2022"]
[Source "ChessBase"]
[SourceDate "2021.10.06"]
[SourceVersion "1"]
[SourceVersionDate "2021.10.06"]
[SourceQuality "1"]
[WhiteTeam "Schwandorf U20"]
[BlackTeam "Fuerth SG U20"]
[WhiteTeamCountry "GER"]
[BlackTeamCountry "GER"]

1. c4 f5 2. g3 Nf6 3. Bg2 g6 4. Nf3 Bg7 5. Nc3 0-0 6. 0-0 d6 7. d4 Nbd7 8. Ng5 Nb8 9. Qb3 c6 10. c5+ d5 11. Re1 h6 12. Nf3 Kh7 13. h4 Re8 14. Bf4 Nbd7 15. Ne5 Nxe5 16. Bxe5 Nd7 17. Bxg7 Kxg7 18. f4 e6 19. Nd1 Kf7 20. Nf2 Nf6 21. Nd3 Nd7 22. Bf3 Qf6 23. Qc3 Rg8 24. Kf2 h5 25. e3 Qd8 26. Reb1 Qc7 27. b4 a6 28. a4 Nf6 29. b5 Ke7 30. bxc6 Qxc6 31. Qa5 Nd7 32. Nb4 1-0

[Event "Landesliga Nord 1819"]
[Site "Bayern"]
[Date "2018.11.11"]
[Round "2.7"]
[White "Steger, Eric"]
[Black "Krauseneck, Peter"]
[Result "1-0"]
[WhiteElo "1945"]
[BlackElo "2047"]
[PlyCount "55"]
[EventDate "2018.10.21"]
[EventType "team-tourn"]
[EventRounds "9"]
[EventCountry "GER"]
[SourceTitle "EXT 2022"]
[Source "ChessBase"]
[SourceDate "2021.10.06"]
[SourceVersion "1"]
[SourceVersionDate "2021.10.06"]
[SourceQuality "1"]
[WhiteTeam "Schwandorf"]
[BlackTeam "Bamberg SC"]
[WhiteTeamCountry "GER"]
[BlackTeamCountry "GER"]

1. c4 e5 2. g3 f5 3. Bg2 Nf6 4. Nc3 Nc6 5. d3 Bc5 6. Nf3 0-0 7. 0-0 a5 8. Nxe5 Nxe5 9. d4 Bxd4 10. Qxd4 d6 11. c5 Nf7 12. Rd1 Qe7 13. cxd6 Nxd6 14. Bg5 Be6 15. Qc5 Qd7 16. Bf4 Ra6 17. Nd5 Nxd5 18. Bxd5 Rf7 19. Rac1 Bxd5 20. Qxd5 h6 21. Rc5 a4 22. Rdc1 Ne8 23. Qxb7 Rb6 24. Qa8 Kh7 25. R1c2 Nd6 26. Qd5 Qe7 27. Rxc7 Qf8 28. Bxd6 1-0

[Event "Landesliga U20 Nord 1718"]
[Site "Bayern"]
[Date "2017.12.02"]
[Round "2.3"]
[White "Steger, Eric"]
[Black "Sesselmann, Christoph"]
[Result "1/2-1/2"]
[WhiteElo "1800"]
[BlackElo "1695"]
[PlyCount "44"]
[EventDate "2017.11.18"]
[EventType "team-tourn"]
[EventRounds "7"]
[EventCountry "GER"]
[SourceTitle "EXT 2022"]
[Source "ChessBase"]
[SourceDate "2021.10.06"]
[SourceVersion "1"]
[SourceVersionDate "2021.10.06"]
[SourceQuality "1"]
[WhiteTeam "Schwandorf U20"]
[BlackTeam "Kulmbach U20"]
[WhiteTeamCountry "GER"]
[BlackTeamCountry "GER"]

1. c4 e5 2. g3 Nf6 3. Bg2 Nc6 4. Nc3 Bb4 5. d3 Bxc3+ 6. bxc3 0-0 7. c5 d6 8. cxd6 cxd6 9. c4 Re8 10. Nf3 Be6 11. 0-0 h6 12. Bb2 Qd7 13. Re1 Rac8 14. Rc1 b6 15. d4 exd4 16. Nxd4 Nxd4 17. Qxd4 d5 18. cxd5 Bxd5 19. Rxc8 Rxc8 20. Qf4 Bxg2 21. Kxg2 Qc6+ 22. e4 Re8 1/2-1/2

[Event "Oberpfalz-ch M3"]
[Site "Windischeschenbach"]
[Date "2017.04.10"]
[Round "6"]
[White "Schmidt, Oliver2222"]
[Black "Steger, Eric"]
[Result "1/2-1/2"]
[WhiteElo "1468"]
[BlackElo "1505"]
[PlyCount "47"]
[EventDate "2017.04.08"]
[EventType "swiss"]
[EventRounds "8"]
[EventCountry "GER"]
[SourceTitle "EXT 2020"]
[Source "ChessBase"]
[SourceDate "2019.10.17"]
[SourceVersion "1"]
[SourceVersionDate "2019.10.17"]
[SourceQuality "1"]

1. d4 d5 2. c4 c6 3. Nf3 Nf6 4. Nc3 e6 5. e3 Bd6 6. Qc2 Nbd7 7. Bd3 dxc4 8. Bxc4 b5 9. Be2 a6 10. 0-0 Bb7 11. Rd1 Qc7 12. e4 e5 13. h3 exd4 14. Nxd4 0-0 15. Nf5 Be5 16. Be3 c5 17. Ne7+ Kh8 18. Ned5 Nxd5 19. Nxd5 Bxd5 20. Rxd5 c4 21. Bd4 Bxd4 22. Rxd4 Nf6 23. Rad1 Rad8 24. Rxd8 1/2-1/2

[Event "Oberpfalz-ch M3"]
[Site "Windischeschenbach"]
[Date "2017.04.10"]
[Round "5"]
[White "Steger, Eric"]
[Black "Wild, Michael"]
[Result "1/2-1/2"]
[WhiteElo "1505"]
[BlackElo "1552"]
[PlyCount "44"]
[EventDate "2017.04.08"]
[EventType "swiss"]
[EventRounds "8"]
[EventCountry "GER"]
[SourceTitle "EXT 2020"]
[Source "ChessBase"]
[SourceDate "2019.10.17"]
[SourceVersion "1"]
[SourceVersionDate "2019.10.17"]
[SourceQuality "1"]

1. c4 e5 2. g3 Nc6 3. Bg2 f5 4. Nc3 Bb4 5. d3 Nf6 6. Nf3 a6 7. 0-0 Bxc3 8. bxc3 0-0 9. c5 d5 10. cxd6 Qxd6 11. Nd2 Be6 12. Qa4 b5 13. Qa3 Nd5 14. Qxd6 cxd6 15. c4 Nde7 16. Rb1 Rab8 17. cxb5 axb5 18. a3 Nd4 19. e3 Ne2+ 20. Kh1 Nxc1 21. Rfxc1 Rfc8 22. Kg1 Rxc1+ 1/2-1/2

[Event "Landesliga U20 Nord 1617"]
[Site "Bayern"]
[Date "2017.03.11"]
[Round "7.4"]
[White "Maier, Leon"]
[Black "Steger, Eric"]
[Result "0-1"]
[WhiteElo "1174"]
[BlackElo "1654"]
[PlyCount "56"]
[EventDate "2016.11.12"]
[EventType "team-tourn"]
[EventRounds "7"]
[EventCountry "GER"]
[SourceTitle "EXT 2022"]
[Source "ChessBase"]
[SourceDate "2021.10.06"]
[SourceVersion "1"]
[SourceVersionDate "2021.10.06"]
[SourceQuality "1"]
[WhiteTeam "Cadolzburg U20"]
[BlackTeam "Schwandorf U20"]
[WhiteTeamCountry "GER"]
[BlackTeamCountry "GER"]

1. e4 e5 2. Bc4 Nc6 3. Nf3 Bc5 4. d3 d6 5. Be3 Bb6 6. h3 h6 7. Nbd2 Nf6 8. 0-0 0-0 9. c3 Re8 10. Qe2 Bxe3 11. fxe3 d5 12. exd5 Nxd5 13. e4 Nf4 14. Qf2 Nxd3 15. Bxd3 Qxd3 16. Ne1 Qd7 17. Rd1 Qe7 18. Nd3 b6 19. Qg3 Ba6 20. Nf3 Rad8 21. Nh2 Rd6 22. Ng4 Bxd3 23. Rxd3 Rxd3 24. Qxd3 Qc5+ 25. Kh1 Rd8 26. Qg3 Rd6 27. Rf5 Rd1+ 28. Kh2 Qg1# 0-1

[Event "Nittenau-ch 16th"]
[Site "Nittenau"]
[Date "2016.09.18"]
[Round "5"]
[White "Steger, Eric"]
[Black "Eichinger, Bernd"]
[Result "1-0"]
[WhiteElo "1154"]
[BlackElo "1230"]
[PlyCount "123"]
[EventDate "2016.09.16"]
[EventType "swiss"]
[EventRounds "5"]
[EventCountry "GER"]
[SourceTitle "EXT 2022"]
[Source "ChessBase"]
[SourceDate "2021.10.06"]
[SourceVersion "1"]
[SourceVersionDate "2021.10.06"]
[SourceQuality "1"]

1. c4 c5 2. g3 Nc6 3. Bg2 g6 4. Nc3 Bg7 5. Nf3 b6 6. d3 Bb7 7. 0-0 e6 8. e3 Nge7 9. d4 d5 10. cxd5 Nxd5 11. Nxd5 exd5 12. dxc5 bxc5 13. Qc2 c4 14. Rd1 0-0 15. Bd2 a5 16. a3 Qb6 17. Bc3 Bxc3 18. Qxc3 Rfd8 19. Nd4 Ne5 20. Rab1 Nd3 21. b3 Qf6 22. Rd2 Nc5 23. bxc4 dxc4 24. Bxb7 Rab8 25. Qxc4 Nxb7 26. Rdb2 Nd6 27. Qe2 Rxb2 28. Rxb2 Re8 29. Qa6 Ne4 30. Qxf6 Nxf6 31. Rb5 Ra8 32. Nb3 a4 33. Nc5 Nd5 34. e4 Nc3 35. Rb4 Kf8 36. Rc4 Nb1 37. Rxa4 Rxa4 38. Nxa4 Nxa3 39. Nc3 Nc4 40. Nd5 Nd2 41. f3 Nxf3+ 42. Kg2 Ng5 43. Nc3 Ke7 44. Kf2 Ke6 45. h4 Nxe4+ 46. Nxe4 Ke5 47. Ng5 Kf5 48. Nxf7 Kf6 49. Ng5 h6 50. Ne4+ Kf5 51. Kf3 g5 52. g4+ Kg6 53. h5+ Kf7 54. Ke3 Ke6 55. Kd4 Ke7 56. Ke5 Kf7 57. Kf5 Kg7 58. Ke6 Kg8 59. Kf6 Kh7 60. Kf7 Kh8 61. Kg6 Kg8 62. Kxh6 1-0